Atlas of pain injection techniques / (Record no. 1170)

MARC details
000 -LEADER
fixed length control field 00588nam a22002057a 4500
003 - CONTROL NUMBER IDENTIFIER
control field OSt
005 - DATE AND TIME OF LATEST TRANSACTION
control field 20150306155216.0
008 - FIXED-LENGTH DATA ELEMENTS--GENERAL INFORMATION
fixed length control field 150306b xxu||||| |||| 00| 0 eng d
020 ## - INTERNATIONAL STANDARD BOOK NUMBER
International Standard Book Number 044306380x
040 ## - CATALOGING SOURCE
Transcribing agency DNLM
082 ## - DEWEY DECIMAL CLASSIFICATION NUMBER
Classification number WL 704 C762a 2003
100 ## - MAIN ENTRY--PERSONAL NAME
Personal name O'Connor Therese
9 (RLIN) 3196
245 ## - TITLE STATEMENT
Title Atlas of pain injection techniques /
Statement of responsibility, etc. Therese O'Connor and Stephene Abram
260 ## - PUBLICATION, DISTRIBUTION, ETC. (IMPRINT)
Place of publication, distribution, etc. london:
Name of publisher, distributor, etc. Churchill Livingstone;
Date of publication, distribution, etc. 2003.
300 ## - PHYSICAL DESCRIPTION
Extent vii,141 p :
Other physical details ill,
Dimensions 28 cm.
504 ## - BIBLIOGRAPHY, ETC. NOTE
Bibliography, etc includes index
650 ## - SUBJECT ADDED ENTRY--TOPICAL TERM
Topical term or geographic name as entry element Pain Injection
9 (RLIN) 3197
700 ## - ADDED ENTRY--PERSONAL NAME
Personal name Stephen Abram
9 (RLIN) 3198
942 ## - ADDED ENTRY ELEMENTS (KOHA)
Source of classification or shelving scheme Other/Generic Classification Scheme
Koha item type Short Loan
Holdings
Withdrawn status Lost status Source of classification or shelving scheme Damaged status Not for loan Home library Current library Date acquired Source of acquisition Inventory number Total Checkouts Full call number Barcode Date last seen Price effective from Koha item type
    Other/Generic Classification Scheme     MUST Main Library MUST Main Library 06/03/2015   2004/21965   WL 704 C762a 2003 2015-0495 06/03/2015 06/03/2015 Short Loan
    Other/Generic Classification Scheme     MUST Main Library MUST Main Library 06/03/2015   2004/21934   WL 704 C762a 2003 2015-0496 06/03/2015 06/03/2015 Short Loan